000 00863nam a22001937a 4500
999 _c61560
_d61560
005 20240325151140.0
008 240325c2015 ge ||||| |||| 00| 0 geo d
041 _ageo
245 _aმატიანე :
_bვანის რაიონის ისტორიის, ეთნოგრაფიისა და ფოლკლორის კვლევის ცენტრის კრებული /
_cრედაქტორი ომარ კაპანაძე.
260 _aვანი,
_c2014-
300 _aV.
653 _aვანის რაიონი
653 _aისტორია
653 _aფოლკლორი
653 _aეთნოგრაფია
653 _aპერიოდიკა
700 _aკაპანაძე, ომარ
_eრედაქტორი
_921569
942 _2udc
_cCR